00838cam a2200217 a 4500020002200000020001500022040000800037082002600045100002000071245007100091260003900162300002600201500002200227650003700249856004700286856006200333856006600395942000700461999001700468952013500485 a0395822823 (pbk.) a0395822831 cDLC00a362 HOU 1996 A012 Or.1 aAnders, George,10aHealth against wealth :bHMOs and the breakdown of medical trust / aBoston :bHoughton Mifflin,c1996. axvi, 299 p. ;c24 cm. a"A Mariner book." 0aHealth maintenance organizations42uhttp://www.h-net.org/review/hrev-a0a0c4-aa42uhttp://www.loc.gov/catdir/description/hm021/96024869.html42uhttp://www.loc.gov/catdir/enhancements/fy0736/96024869-b.html cEK c13870d13870 0010406362_000000000000000_HOU_1996_A078_OR70965437aLBAbLBAcA078d2017-10-02o362 HOU 1996 A078 Or.pA13020r2017-10-02yEK